<?xml version="1.0" encoding="UTF-8"?>
<record
    xmlns:xsi="http://www.w3.org/2001/XMLSchema-instance"
    xsi:schemaLocation="http://www.loc.gov/MARC21/slim http://www.loc.gov/standards/marcxml/schema/MARC21slim.xsd"
    xmlns="http://www.loc.gov/MARC21/slim">

  <leader>00458nam a22001457a 4500</leader>
  <datafield tag="020" ind1=" " ind2=" ">
    <subfield code="a">9780439943451</subfield>
  </datafield>
  <datafield tag="082" ind1=" " ind2=" ">
    <subfield code="a">513.211 </subfield>
  </datafield>
  <datafield tag="100" ind1=" " ind2=" ">
    <subfield code="6">Crabtree, Sally </subfield>
    <subfield code="a">CRA</subfield>
  </datafield>
  <datafield tag="245" ind1=" " ind2=" ">
    <subfield code="a">Ten Chuckling Ducklings /</subfield>
    <subfield code="c">Sally Crabtree </subfield>
  </datafield>
  <datafield tag="260" ind1=" " ind2=" ">
    <subfield code="a">London:</subfield>
    <subfield code="b">Scholastic Children's Books, </subfield>
    <subfield code="c">2007.</subfield>
  </datafield>
  <datafield tag="300" ind1=" " ind2=" ">
    <subfield code="a">22 p. ;</subfield>
    <subfield code="b">Illustrated by Sally Hobson</subfield>
  </datafield>
  <datafield tag="563" ind1=" " ind2=" ">
    <subfield code="a">HB</subfield>
  </datafield>
  <datafield tag="650" ind1=" " ind2=" ">
    <subfield code="a">Juvenile Nonfiction / Concepts / Counting &amp; Numbers</subfield>
    <subfield code="9">130555</subfield>
  </datafield>
  <datafield tag="942" ind1=" " ind2=" ">
    <subfield code="2">ddc</subfield>
    <subfield code="c">CHILD_SEC</subfield>
  </datafield>
  <datafield tag="999" ind1=" " ind2=" ">
    <subfield code="c">614749</subfield>
    <subfield code="d">614749</subfield>
  </datafield>
  <datafield tag="952" ind1=" " ind2=" ">
    <subfield code="0">0</subfield>
    <subfield code="1">0</subfield>
    <subfield code="2">ddc</subfield>
    <subfield code="4">0</subfield>
    <subfield code="6">513_211000000000000_CRA</subfield>
    <subfield code="7">0</subfield>
    <subfield code="9">642385</subfield>
    <subfield code="a">CL</subfield>
    <subfield code="b">CL</subfield>
    <subfield code="c">CHILD_SEC</subfield>
    <subfield code="d">2025-09-22</subfield>
    <subfield code="e">Donated by Children - Summer Camp, 2025.</subfield>
    <subfield code="o">513.211 CRA</subfield>
    <subfield code="p">CL-CS-15</subfield>
    <subfield code="r">2025-09-26</subfield>
    <subfield code="w">2025-09-22</subfield>
    <subfield code="y">CHILD_SEC</subfield>
  </datafield>
</record>
